ბათუმის შოთა რუსთაველის სახელმწიფო უნივერსიტეტის ბიბლიოთეკა

Из опыта преподавания русской литературы в грузинской школе (ბიბ.ჩანაწერი № 35088)

000 -LEADER
fixed length control field 00684nam a2200217Ia 4500
001 - CONTROL NUMBER
control field 929
003 - CONTROL NUMBER IDENTIFIER
control field GE_BSU
008 - FIXED-LENGTH DATA ELEMENTS--GENERAL INFORMATION
fixed length control field 181216s||||||||xx |||||||||||||| ||und||
020 ## - INTERNATIONAL STANDARD BOOK NUMBER
International Standard Book Number 9992827049
040 ## - CATALOGING SOURCE
Transcribing agency GE_BSU
080 ## - UNIVERSAL DECIMAL CLASSIFICATION NUMBER
Universal Decimal Classification number 821.161.1.09(075.8)
100 ## - MAIN ENTRY--PERSONAL NAME
Personal name Комбай,В.А.
245 ## - TITLE STATEMENT
Title Из опыта преподавания русской литературы в грузинской школе
260 ## - PUBLICATION, DISTRIBUTION, ETC.
Place of publication, distribution, etc. Тбилиси
260 ## - PUBLICATION, DISTRIBUTION, ETC.
Name of publisher, distributor, etc. Тбилисский ун-т
260 ## - PUBLICATION, DISTRIBUTION, ETC.
Date of publication, distribution, etc. 2000
300 ## - PHYSICAL DESCRIPTION
Extent 203стр
653 ## - INDEX TERM--UNCONTROLLED
Uncontrolled term Из опыта преподавания русской литературы в грузинской школе
942 ## - ADDED ENTRY ELEMENTS (KOHA)
Koha item type წიგნი
ეგზემპლარები
Withdrawn status Lost status Damaged status Not for loan Date acquired Barcode Date last seen Price effective from Koha item type
        2018-12-17 1722 2018-12-17 2018-12-17 წიგნი